Electrical safety / (Record no. 559)

MARC details
000 -LEADER
fixed length control field 00446nam a22001577a 4500
005 - DATE AND TIME OF LATEST TRANSACTION
control field 20230617022545.0
008 - FIXED-LENGTH DATA ELEMENTS--GENERAL INFORMATION
fixed length control field 230117b |||||||| |||| 00| 0 eng d
020 ## - INTERNATIONAL STANDARD BOOK NUMBER
International Standard Book Number 978-1-68095-498-2
082 ## - DEWEY DECIMAL CLASSIFICATION NUMBER
Classification number 621.37 El38 2017
245 ## - TITLE STATEMENT
Title Electrical safety /
260 ## - PUBLICATION, DISTRIBUTION, ETC.
Place of publication, distribution, etc. USA:
Name of publisher, distributor, etc. 3G E-Learning,
Date of publication, distribution, etc. c2017.
300 ## - PHYSICAL DESCRIPTION
Extent x,226p.;
Other physical details ill. (some col.); w/ CD
504 ## - BIBLIOGRAPHY, ETC. NOTE
Bibliography, etc. note Includes bibliographical index
541 ## - IMMEDIATE SOURCE OF ACQUISITION NOTE
Accession number 5186
650 ## - SUBJECT ADDED ENTRY--TOPICAL TERM
Topical term or geographic name entry element Electricity - Safety measure
Holdings
Withdrawn status Lost status Source of classification or shelving scheme Damaged status Not for loan Home library Current library Date acquired Total Checkouts Full call number Barcode Date last seen Copy number Price effective from Koha item type
    Dewey Decimal Classification     ctu-moalboal ctu-moalboal 03/08/2015   621.37 El38 2017 5186 01/17/2023 1 01/17/2023 Books-Reference